LIBRARY & INFORMATION CENTRE, KCAET, TAVANUR

ONLINE PUBLIC ACCESS CATALOGUE (OPAC)

Engineering properties of food materials / (Record no. 8502)

MARC details
000 -LEADER
fixed length control field 00483cam a2200181ua 4500
041 ## - LANGUAGE CODE
Language code of text/sound track or separate title eng
082 ## - DEWEY DECIMAL CLASSIFICATION NUMBER
Classification number 028.76
Item number SIN/EN
100 ## - MAIN ENTRY--AUTHOR NAME
Personal name Singh, B P N .
245 00 - TITLE STATEMENT
Title Engineering properties of food materials /
250 ## - EDITION STATEMENT
Edition statement 1 /
260 ## - PUBLICATION, DISTRIBUTION, ETC. (IMPRINT)
Place of publication Bhopal :
Name of publisher Central Institute of Agricultural Engineering ,
Year of publication 1980.
300 ## - PHYSICAL DESCRIPTION
Number of Pages 50 ; .
700 1# - ADDED ENTRY--PERSONAL NAME
Personal name Sah, P C .
700 1# - ADDED ENTRY--PERSONAL NAME
Personal name Tikkoo, A K .
942 ## - ADDED ENTRY ELEMENTS (KOHA)
Koha item type Books
Holdings
Withdrawn status Lost status Damaged status Home library Current library Date acquired Full call number Accession Number Koha item type
      KAUAET KAUAET 24/04/1990 028.76 16697 Reference
free website counter